| 000 | 01171nam a22002537a 4500 | ||
|---|---|---|---|
| 999 |
_c3747 _d3747 |
||
| 003 | AR-CdUCM | ||
| 008 | 190307b ||||| |||| 00| 0 spa d | ||
| 040 |
_aMUNICIPALIDAD PROVINCIAL DEL CUSCO _cBIBLIOTECA MUNICIPAL DEL CUSCO |
||
| 082 |
_a372.47 / _bC14 |
||
| 100 |
_aCáceres Mariscal, Yanette _912116 |
||
| 245 | _aGestión de estrategias en la comprensión lectora / | ||
| 260 |
_aCusco : _b"LCD", _c2015. |
||
| 300 |
_a94 páginas ; _bcuadros ; _c20..5 cm. |
||
| 505 | _aContenido: Gestión educativa -- La calidad de la gestión - De la planificación estratégica situacional a la evaluación -- Participación ciudadana como instancia para el desarrollo de la gestión educativa -- Estrategias de lectura ... | ||
| 650 |
_aComprensión de lectura - estrategias _912117 |
||
| 650 |
_aEstudio y enseñanza - Comprensión de lectura _912118 |
||
| 650 |
_aCuadernos de trabajo - Lectura _912119 |
||
| 650 |
_aEstrategias de aprendizaje - Perú _912120 |
||
| 650 |
_aLectura - Estrategias _912121 |
||
| 650 |
_aEducación - Comprensión lectora - Perú _912122 |
||
| 700 |
_aGuzmán Huamani, Fredy (Coautor) _912123 |
||
| 942 |
_2ddc _cLIBROS |
||
| 945 | _alccs | ||